00265 a2200109 450000500170000002000180001708200140003510000180004924500220006726000320008930000340012120250516150738.0 a2-01-155394-6 aF BAT aBATAILLE, S.  aSic'etait Vrai... aParis, bHachette, c2005.  a44p., ill., picture, c18cm.